000 00390pab a2200157 454500
008 180718b1999 xxu||||| |||| 00| 0 eng d
100 _aStevens, Dennis J.
245 _aAmerican police resolutions and community response
260 _c1999
300 _ap.140-50
362 _aApr
650 _aPolice - United States
650 _aPolice
773 _aPolice Journal
909 _a41354
999 _c41354
_d41354